Komplexné voľby vo finančných službách

Pokračovanie článku z predchádzajúceho čísla o voľbách vo finančných službách. Produkty zamerané na zdravotné poistenie. Problémy s výberom zdravotníckych programov a liekových plánov. Prieskum verejnej mienky v USA.

Gespeichert in:
Bibliographische Detailangaben
1. Verfasser: Baláž, Vladimír
Format: Buchkapitel
Sprache:Slowakisch
Schlagworte:
Tags: Tag hinzufügen
Keine Tags, Fügen Sie das erste Tag hinzu!

MARC

LEADER 00000naa a2200000 4500
001 0151651
005 20231019092445.2
041 0 |a slo 
044 |a SK 
245 1 0 |a Komplexné voľby vo finančných službách  |c Vladimír Baláž 
520 |a Pokračovanie článku z predchádzajúceho čísla o voľbách vo finančných službách. Produkty zamerané na zdravotné poistenie. Problémy s výberom zdravotníckych programov a liekových plánov. Prieskum verejnej mienky v USA. 
610 2 0 |a poradenstvo finančné 
610 2 0 |a poradcovia finanční 
610 2 0 |a rozhodovanie investičné 
610 2 0 |a rozhodovanie individuálne 
610 2 0 |a služby zdravotnícke 
610 2 0 |a poistenie zdravotné 
100 1 |a Baláž, Vladimír